| 000 | 01485nam a22003257a 4500 | ||
|---|---|---|---|
| 001 | 00186 | ||
| 003 | DO-SdBNP | ||
| 005 | 20160627132501.0 | ||
| 007 | 00186 | ||
| 008 | 160413b dr 1998||||| |||| 00| 0 spa d | ||
| 020 | _a9788482611167 | ||
| 040 |
_aBPMSU _bspa _cBPMSU |
||
| 092 |
_a373.7 _bP762m 1ro. 1998 |
||
| 100 | 1 | _aPolanco Rivera, Eugenio | |
| 245 | 1 |
_aMatemáticas ; primer curso segundo ciclo : _b[educación media] _cEugenio Polanco Rivera ; dirección editorial Obdulia García de Escobar |
|
| 260 |
_aSanto Domingo : _bSantillana, _c1998. |
||
| 300 |
_a103 p. : _bil., _c27 cm. |
||
| 500 | _aCurso 1ro. / segundo ciclo | ||
| 500 | _aLa biblioteca posee el cuaderno de ejercicios | ||
| 505 |
_gÁlgebra de matrices -- _gSistema de ecuaciones -- _gSistema de inecuaciones -- _gFunciones I -- _gLa función exponencial -- _gLa función logarítmica -- _gFunciones trigonométricas -- _gLa recta en el plano -- _gCurvas de segundo grado -- _gSucesiones y series -- _gfunciones II -- _gÁrea de figuras planas -- _gSólidos geométricos -- _gEstadística -- _gProbabilidades. |
||
| 650 | 4 |
_aMATEMÁTICAS _xENSEÑANZA BÁSICA |
|
| 650 | 4 |
_aMATEMÁTICAS _xEDUCACIÓN PRIMARIA |
|
| 650 | 4 |
_aMATEMÁTICAS _xESTUDIOS Y EJERCICIOS |
|
| 650 | 4 |
_aMATEMÁTICAS _xLIBROS DE TEXTOS |
|
| 650 | 4 |
_aEDUCACIÓN PRIMARIA _zREPÚBLICA DOMINICANA |
|
| 700 | 1 |
_aGarcía de Escobar, Obdulia, _3 ed. |
|
| 910 | _aValidado. Control de calidad MFF | ||
| 942 |
_2ddc _cBK |
||
| 956 | _aBrenda Tavárez | ||
| 999 |
_c9743 _d9743 |
||